000 00300nam a22001217a 4500
008 240711b |||||||| |||| 00| 0 eng d
100 _aDeepchand
_916844
245 _aSindhi Ratan Mala
260 _aAjmer:
_bSunder Sahitya;
_c1968.
300 _a234p.
700 _aTrilok Chand
_916845
942 _cBK
999 _c39961
_d39961